000 01225cam a2200265 4500
001 WB3805-25
008 020206n2002 000 0 eng u
035 _a(Sirsi) u116624
245 _aF & M continues to hit values
260 _c2002
490 _aRICS Press Release
_v4 February 2002, (2)
520 _aRICS Rural Market Survey is published and shows impact of foot and mouth disease on prices continuing. Land supplies are tight and prices remain high; the average price of farmland for the last three months of 2001 was £7 483 per hectare. Average values are now 15.8% up on the same period last year. Many chartered surveyors report a shortage of available land, an earlier expectation that more land would be available has not been realised. It is available on: http://www.rics.org/ricscms/bin/show?class=MarketSurvey&template=/includes/showmarketsurvey.html&id=14.
590 _aWB
650 _aFARMLAND PRICES
650 _aFOOT-AND-MOUTH DISEASE
650 _aABOUT RICS-RICS MEMBERS
650 _aLAND PRICES
650 _aARABLE SECTOR
650 _aBEEF FARMING
650 _aSHEEP FARMING
650 _aRICS SURVEYS
650 _aFARMLAND VALUES
690 _aRURAL MARKET
942 _n0
999 _c69446
_d69446